| 000 | 00574nam a2200181 4500 | ||
|---|---|---|---|
| 001 | 122124 | ||
| 003 | ES-MaACL | ||
| 005 | 20251009185115.0 | ||
| 007 | t| | ||
| 008 | 070214s1968 sp r ||||1| spa d | ||
| 100 | 1 |
_aPottier, Bernard. _993399 |
|
| 245 | 1 | 0 |
_aPresentación de la lingüística _b: fundamentos de una teoría / _cBernard Pottier ; traducción de Antonio Quilis. |
| 260 |
_aMadrid : _bAlcalá, _c1968. |
||
| 300 |
_a152 p. ; _c24 cm. |
||
| 700 | 1 |
_aQuilis, Antonio, _d1933-2003 _994630 |
|
| 852 |
_aES-MaACL _jC-34551 _bR.67206 |
||
| 999 |
_c122124 _d122124 |
||